| 000 | 00853nam a22002297a 4500 | ||
|---|---|---|---|
| 999 |
_c17998 _d17998 |
||
| 003 | OSt | ||
| 005 | 20230324131633.0 | ||
| 008 | 230324b ||||| |||| 00| 0 eng d | ||
| 040 | _c0 | ||
| 082 | _aDPer 570 J826 2021 v55 no. 1-5 | ||
| 100 |
_aVillanueva, Xabier. _eauthor. _948084 |
||
| 245 |
_aYoung children's drawings of plant world : _ba cohort study analysing pictorial content / _cXabier Villanueva, José Domingo Villaroel, and Alvaro Antón |
||
| 260 |
_aUnited Kingdom, _bTaylor & Francis Group, _cJune 2021. |
||
| 300 | _avolume 55, pages 225-237, illustration. | ||
| 650 |
_aEducation. _948085 |
||
| 650 |
_aDrawing. _948086 |
||
| 650 |
_aBiology. _948087 |
||
| 700 |
_aVillanueva, Xabier. _eauthor. _948084 |
||
| 700 |
_aVillaroel, José Domingo. _eauthor. _948088 |
||
| 700 |
_a Antón, Alvar. _eauthor. _948089 |
||
| 942 |
_2ddc _cPER |
||